000 01287nam2a22002651 4500
001 rc\3980707
005 20250610223502.0
035 _a(NLR Aleph) 007935456
090 _a8245517
_c8245517
100 _a20130415d1955 |||y0rusy50 ca
101 0 _arus
102 _aRU
105 _ay z |||||
200 1 _aУстройство для аэродинамического исследования паровых потоков большой скорости
_fЕременко А.С. и др.
210 _d1955
_aБ. м.
225 1 _a...
_v№ ПС-55-404
423 0 _11010#$arus
_12001#$aУстановка для определения температуры начала замерзания
_1700#1$aНазаров$bА.В.
_tУстановка для определения температуры начала замерзания
_aНазаров, А.В.
461 0 _1001rc\3980609
_12001#$aПриборы и стенды$e[Тема № 1]-$vТема № 4 [1]
_98244905
_cМосква
_d1955
_nБ. и.
_o[Тема № 1]-
_tПриборы и стенды
_vТема № 4 [1]
700 1 _aЕременко
_bА.С.
702 1 _aЕременко
_bА.С.
_4220
801 0 _aRU
_bNLR
_gpsbo
801 1 _aRU
_bELAR
_2rusmarc
852 _aNLR
_jТ10 Г-8/106
942 _cBOOK
980 _aNB